Io /
I tiakina i:
| Kaituhi matua: | |
|---|---|
| Ētahi atu kaituhi: | , |
| Hōputu: | Pukapuka |
| Reo: | Itāriana |
| I whakaputaina: |
Milano :
RCS Libri,
2006
|
| Rangatū: | BUR. Narrativa
|
| Ngā Tūtohu: |
Kāore He Tūtohu, Me noho koe te mea tuatahi ki te tūtohu i tēnei pūkete!
|
MARC
| LEADER | 00000nam a22000007i 4500 | ||
|---|---|---|---|
| 001 | IT\ICCU\TO0\1566393 | ||
| 003 | ItRI | ||
| 005 | 20260115231901.0 | ||
| 008 | 061129s2006 it |||||| ||||| |||||c | ||
| 020 | |a 8817013889 | ||
| 040 | |b ita |c importazione bologna sebina | ||
| 041 | 7 | |a ita |2 ISO-639-2 | |
| 082 | |a 782.42164 |9 Musica leggera occidentale |2 19 | ||
| 100 | 1 | |a Nannini, Gianna |0 IT\ICCU\TO0V\261014 |4 aut | |
| 245 | 1 | 0 | |a Io / |c Gianna Nannini ; con la collaborazione di Pino Casamassima ; illustrazioni di Alberto Bettinetti. |
| 260 | |a Milano : |b RCS Libri, |c 2006 | ||
| 300 | |a 177 p. : |b ill. ; |c 20 cm | ||
| 700 | 1 | |a Bettinetti, Alberto |0 IT\ICCU\MODV\331703 | |
| 700 | 1 | |a Casamassima, Pino |0 IT\ICCU\TO0V\255346 | |
| 830 | 0 | |a BUR. Narrativa |0 IT\ICCU\LO1\0778754 | |
| 942 | |2 ddc |c BK |n 0 | ||
| 952 | |0 0 |1 0 |4 0 |6 DOC_782_421000000000000_NAN |7 0 |9 15258 |a BO |b BO |d 2026-01-15 |i 18820 |l 0 |o DOC 782.421 NAN |p BO18820 |r 2026-01-15 23:19:01 |w 2026-01-15 |x [Sebina 5] [1 v.] |y BK |z 1 v. | ||
| 999 | |c 13134 |d 13134 | ||